Statistics for Most expensive football transfers - Serbian players

Click here to take the quiz!

General Stats

  • This quiz has been taken 19 times
  • The average score is 8 of 10

Answer Stats

Fee (M €)SeasonLeftJoinedPlayer% Correct
24,702018-2019NewcastleFulhamAleksandar Mitrovic
100%
52,602023-2024FulhamAl-HilalAleksandar Mitrovic
100%
83,502021-2022FiorentinaJuventusDušan Vlahović
89%
63,002019-2020Eintracht FrankfurtReal MadridLuka Jović
89%
40,002023-2024LazioAl-HilalSergej Milinković-Savić
89%
44,702017-2018ChelseaManchester UnitedNemanja Matic
84%
25,002013-2014BenficaChelseaNemanja Matic
84%
23,862010-2011LazioManchester CityAleksandar Kolarov
68%
25,002014-2015BenficaLiverpoolLazar Markovic
42%
25,002000-2001Real ZaragozaAC ParmaSavo Milošević
16%

Score Distribution

Percentile by Number Answered

Percent of People with Each Score

Your Score History

You have not taken this quiz